| 000 | 00381nam a2200145Ia 4500 | ||
|---|---|---|---|
| 008 | 220216s9999 xx 000 0 und d | ||
| 100 | _aYokoyama H | ||
| 245 | 0 | _aChemical agents as regulatorsof biological responses in plants | |
| 260 |
_bACS symposium series _c1991 |
||
| 300 | _a255-268 | ||
| 500 | _aSource Year: 1992 | ||
| 700 | _aKethly J H | ||
| 856 | _uHOA | ||
| 942 | _cJS | ||
| 999 |
_c55471 _d55471 |
||